000 00754 a2200181 4500
999 _c7174
_d7174
020 _a0821411268 (alk. paper)
050 0 0 _aBX4705 GOS 1995
100 1 _aGoslee, David.
_eauthor
245 1 0 _aRomanticism and the Anglican Newman /
_cDavid Goslee.
264 _aAthens:
_bOhio university press.,
_c1995
300 _axiv, 357 p. ;
500 _aIncludes bibliographical references (p. 329-340) and index.
504 _aIncludes bibliographical references (p. 329-340) and index.
650 0 _aRomanticism
_xReligious aspects
_xChristianity
_xHistory of doctrines
650 0 _aAnglican Communion
_xdoctrines
_xHistory
942 _2lcc
_cBK
_h4705
_iGOS
_kBX